<?xml version="1.0" encoding="UTF-8"?><?xml-stylesheet type="text/xsl" href="static/style.xsl"?><OAI-PMH xmlns="http://www.openarchives.org/OAI/2.0/" xmlns:xsi="http://www.w3.org/2001/XMLSchema-instance" xsi:schemaLocation="http://www.openarchives.org/OAI/2.0/ http://www.openarchives.org/OAI/2.0/OAI-PMH.xsd"><responseDate>2026-04-17T11:54:32Z</responseDate><request verb="GetRecord" identifier="oai:www.recercat.cat:2072/354313" metadataPrefix="marc">https://recercat.cat/oai/request</request><GetRecord><record><header><identifier>oai:recercat.cat:2072/354313</identifier><datestamp>2024-12-13T10:22:20Z</datestamp><setSpec>com_2072_96861</setSpec><setSpec>com_2072_96858</setSpec><setSpec>com_2072_96852</setSpec><setSpec>com_2072_2015</setSpec><setSpec>col_2072_228892</setSpec></header><metadata><record xmlns="http://www.loc.gov/MARC21/slim" xmlns:dcterms="http://purl.org/dc/terms/" xmlns:xsi="http://www.w3.org/2001/XMLSchema-instance" xmlns:doc="http://www.lyncode.com/xoai" xsi:schemaLocation="http://www.loc.gov/MARC21/slim http://www.loc.gov/standards/marcxml/schema/MARC21slim.xsd">
   <leader>00925njm 22002777a 4500</leader>
   <datafield ind2=" " ind1=" " tag="042">
      <subfield code="a">dc</subfield>
   </datafield>
   <datafield ind2=" " ind1=" " tag="720">
      <subfield code="a">González Reverté, Francesc</subfield>
      <subfield code="e">author</subfield>
   </datafield>
   <datafield ind2=" " ind1=" " tag="720">
      <subfield code="a">Morales Pérez, Soledad</subfield>
      <subfield code="e">author</subfield>
   </datafield>
   <datafield ind2=" " ind1=" " tag="520">
      <subfield code="a">The aim of this study is to analyze the relationship between the touristification of events taking place at mature tourist destinations and the sociocultural impact they cause in the local community. To this aim these events were classified according to their degree of involvement in tourism and event managers were surveyed about their potential impact. Data was gathered by means of a survey carried out with event organizers and is based on a sample of 263 cases. We measured the correlation between different items of social and cultural impact on the local community and five types of events classified according to presence or absence of tourism-oriented goals. The main result obtained is the confirmation of a significant relationship between sociocultural impact and the touristification level of events. The celebration of tourist festivals and events in Catalan tourist destinations has a positive impact on sense of place, place identity and community well-being. Positive effects on local identity obtain particularly high values. In our view, this is related to the way social actors in tourist destinations build the place identity by including tourist events as part of their image, given that these events often base their narratives on local identity and history.</subfield>
   </datafield>
   <datafield ind2=" " ind1=" " tag="520">
      <subfield code="a">El objetivo de este estudio es analizar la existencia de asociación entre los impactos  socioculturales generados por los eventos celebrados en localidades turísticas de Cataluña  y la vocación turística de los mismos. Para ello los eventos analizados son clasificados en  dos tipologías en función de si plantean objetivos turísticos en su misión y de si su programación contiene elementos adaptados a los gustos de los turistas. Los datos necesarios fueron recogidos por medio de una encuesta en línea realizada a organizadores de eventos  y  se  basa  en  una  muestra  de  263  casos.  La  metodología  establecida  consistió  en  cruzar   la opinión de los organizadores (impactos socioculturales percibidos de la celebración de  eventos) con los diferentes tipos de eventos según su vocación turística mediante tablas  de contingencia y la aplicación de un test de significación. El principal resultado obtenido es la confirmación de la existencia de una relación significativa entre el impacto socio cultural  y  el  nivel  de  turistificación  de  los  eventos.  En  concreto,  estos  eventos,  aportan   impactos positivos sobre el sentido del lugar, la identidad y el bienestar de la comunidad  donde se celebran. Los efectos positivos sobre la identidad local obtienen valores especialmente altos. En nuestra opinión, esto está relacionado con la forma en que los actores  sociales de los destinos turísticos (en nuestro caso los organizadores de eventos) tienden 
a construir la identidad incluyendo las actividades turísticas como elemento intrínseco de  su manera de ser. Los eventos turísticos, que muy a menudo basan sus narraciones sobre la identidad y la historia local, se integran, por lo tanto, fácilmente en el imaginario local  y son percibidos como activos con capacidad para proyectar el desarrollo social y cultural 
local.</subfield>
   </datafield>
   <datafield ind1="8" ind2=" " tag="024">
      <subfield code="a">González Reverté, F. &amp; Morales, S. (2017). El impacto cultural y social de los eventos celebrados en destinos turísticos. La percepción desde el punto de vista de los organizadores. Cuadernos de Turismo, (40), 339-362. doi: 10.6018/turismo.40.309741</subfield>
   </datafield>
   <datafield ind1="8" ind2=" " tag="024">
      <subfield code="a">1989-4635</subfield>
   </datafield>
   <datafield ind1="8" ind2=" " tag="024">
      <subfield code="a">1139-7861</subfield>
   </datafield>
   <datafield ind1="8" ind2=" " tag="024">
      <subfield code="a">10.6018/turismo.40.309741</subfield>
   </datafield>
   <datafield ind1="8" ind2=" " tag="024">
      <subfield code="a">http://hdl.handle.net/10609/93120</subfield>
   </datafield>
   <datafield tag="653" ind2=" " ind1=" ">
      <subfield code="a">organizadores de eventos</subfield>
   </datafield>
   <datafield tag="653" ind2=" " ind1=" ">
      <subfield code="a">eventos</subfield>
   </datafield>
   <datafield tag="653" ind2=" " ind1=" ">
      <subfield code="a">impactos  sociales  y  culturales</subfield>
   </datafield>
   <datafield tag="653" ind2=" " ind1=" ">
      <subfield code="a">identidad</subfield>
   </datafield>
   <datafield tag="653" ind2=" " ind1=" ">
      <subfield code="a">comunidad  local</subfield>
   </datafield>
   <datafield tag="653" ind2=" " ind1=" ">
      <subfield code="a">destinos turísticos</subfield>
   </datafield>
   <datafield tag="653" ind2=" " ind1=" ">
      <subfield code="a">organitzadors d'esdeveniments</subfield>
   </datafield>
   <datafield tag="653" ind2=" " ind1=" ">
      <subfield code="a">esdeveniments</subfield>
   </datafield>
   <datafield tag="653" ind2=" " ind1=" ">
      <subfield code="a">impactes socials i culturals</subfield>
   </datafield>
   <datafield tag="653" ind2=" " ind1=" ">
      <subfield code="a">identitat</subfield>
   </datafield>
   <datafield tag="653" ind2=" " ind1=" ">
      <subfield code="a">comunitat local</subfield>
   </datafield>
   <datafield tag="653" ind2=" " ind1=" ">
      <subfield code="a">destinacions turístiques</subfield>
   </datafield>
   <datafield tag="653" ind2=" " ind1=" ">
      <subfield code="a">event managers</subfield>
   </datafield>
   <datafield tag="653" ind2=" " ind1=" ">
      <subfield code="a">events</subfield>
   </datafield>
   <datafield tag="653" ind2=" " ind1=" ">
      <subfield code="a">social  and  cultural  impacts</subfield>
   </datafield>
   <datafield tag="653" ind2=" " ind1=" ">
      <subfield code="a">identity</subfield>
   </datafield>
   <datafield tag="653" ind2=" " ind1=" ">
      <subfield code="a">local  community</subfield>
   </datafield>
   <datafield tag="653" ind2=" " ind1=" ">
      <subfield code="a">tourist  destinations</subfield>
   </datafield>
   <datafield tag="653" ind2=" " ind1=" ">
      <subfield code="a">Tourism -- Social aspects</subfield>
   </datafield>
   <datafield tag="653" ind2=" " ind1=" ">
      <subfield code="a">Turisme -- Aspectes socials</subfield>
   </datafield>
   <datafield tag="653" ind2=" " ind1=" ">
      <subfield code="a">Turismo -- Aspectos sociales</subfield>
   </datafield>
   <datafield ind2="0" ind1="0" tag="245">
      <subfield code="a">El impacto cultural y social de los eventos celebrados en destinos turísticos. La percepción desde el punto de vista de los organizadores</subfield>
   </datafield>
   <datafield ind2="0" ind1="0" tag="245">
      <subfield code="a">Cultural and social impacts of events held in tourism destinations. A managers' perception point of view</subfield>
   </datafield>
</record></metadata></record></GetRecord></OAI-PMH>